Stan Lee Marvel Movies - Statistics

General Stats
  • This quiz has been taken 30 times
  • The average score is 26 of 35
Answer Stats
Year Stan Lee % Correct
2002 Spider-Man
95%
2004 Spider-Man 2
95%
2007 Spider-Man 3
95%
2008 Iron Man
90%
2019 Avengers: Endgame
86%
2018 Avengers: Infinity War
86%
2016 Captain America: Civil War
86%
2011 Captain America: The First Avenger
86%
2010 Iron Man 2
86%
2011 Thor
86%
2000 X-Men
86%
2015 Ant-Man
81%
2014 Captain America: The Winter Soldier
81%
2003 Hulk
81%
2013 Iron Man 3
81%
2017 Spider-Man: Homecoming
81%
2012 The Avengers
81%
2008 The Incredible Hulk
81%
2018 Ant-Man and the Wasp
76%
2015 Avengers: Age of Ultron
76%
2018 Black Panther
76%
2012 The Amazing Spider-Man
76%
2017 Thor: Ragnarok
76%
2013 Thor: The Dark World
76%
2016 Doctor Strange
71%
2014 The Amazing Spider-Man 2
71%
2019 Captain Marvel
67%
2005 Fantastic Four
67%
2017 Guardians of the Galaxy Vol. 2
67%
2007 Fantastic Four: Rise of the Silver Surfer
62%
2016 Deadpool
57%
2016 X-Men: Apocalypse
52%
2006 X-Men: The Last Stand
52%
2003 Daredevil
38%
2014 Guardia of the Galaxy
33%
No matching quizzes found
Score Distribution
Percent of People with Each Score
Percentile by Number Answered
Your Score History
You have not taken this quiz